[Event "CAN-op"]
[Site "Edmonton CAN"]
[Date "2000.07.09"]
[Round "3"]
[White "Bukowski, George"]
[Black "Sutton, Jack"]
[Result "1-0"]
[WhiteElo "1662"]
[BlackElo "1331"]
[PlyCount "113"]
[GameId "2160767911678058"]
[EventDate "2000.07.08"]
[EventType "swiss"]
[EventRounds "10"]
[EventCountry "CAN"]

1. d4 d5 2. c4 Nf6 3. Nc3 c6 4. Bg5 e6 5. cxd5 cxd5 6. Nf3 Be7 7. e3 O-O 8. Bd3 Bd7 9. O-O a6 10. Rc1 b5 11. a3 Nc6 12. Qc2 b4 13. Bxf6 Bxf6 14. axb4 g6 15. b5 Nb4 16. Qe2 Nxd3 17. Qxd3 Bxb5 18. Nxb5 axb5 19. Qxb5 Rb8 20. Qe2 Re8 21. Rc6 h6 22. Rfc1 Kg7 23. Qc2 g5 24. Rb1 Rc8 25. b4 Rxc6 26. Qxc6 Qc8 27. Qxc8 Rxc8 28. b5 Rb8 29. Kf1 Kg6 30. Ke2 Kf5 31. Kd3 Rb7 32. Kc3 g4 33. Nd2 h5 34. Kb4 Be7+ 35. Ka5 Bd8+ 36. Ka6 Rd7 37. b6 Rd6 38. Ka7 Bxb6+ 39. Rxb6 Rxb6 40. Kxb6 Kg6 41. Kc6 f5 42. Kd6 Kf6 43. Nb3 h4 44. Nc5 Kg5 45. Nxe6+ Kf6 46. Kxd5 g3 47. hxg3 hxg3 48. fxg3 f4 49. gxf4 Kf5 50. Kc6 Ke4 51. d5 Kxe3 52. d6 Ke4 53. d7 Kf5 54. Kd6 Kf6 55. d8=Q+ Kf5 56. Qa5+ Kg4 57. Qg5# 1-0

[Event "CAN-op"]
[Site "Edmonton CAN"]
[Date "2000.07.09"]
[Round "3"]
[White "Campbell, Brett"]
[Black "Faust, Steven"]
[Result "1-0"]
[WhiteElo "2229"]
[BlackElo "1874"]
[PlyCount "43"]
[GameId "2160767911678059"]
[EventDate "2000.07.08"]
[EventType "swiss"]
[EventRounds "10"]
[EventCountry "CAN"]

1. c4 Nf6 2. Nc3 c5 3. Nf3 g6 4. d4 cxd4 5. Nxd4 Bg7 6. e4 d6 7. Be2 O-O 8. Be3 Nc6 9. O-O a6 10. h3 Bd7 11. b3 Rc8 12. Rc1 Nxd4 13. Bxd4 Bc6 14. Qd3 Ne8 15. f4 e5 16. fxe5 dxe5 17. Bc5 Qg5 18. Rcd1 Nc7 19. Bxf8 Bxf8 20. Nd5 Ne6 21. Bg4 Re8 22. Nf6+ 1-0

[Event "CAN-op"]
[Site "Edmonton CAN"]
[Date "2000.07.09"]
[Round "3"]
[White "Campbell, Jamie"]
[Black "Venning, Ron"]
[Result "1-0"]
[WhiteElo "1436"]
[BlackElo "1713"]
[PlyCount "81"]
[GameId "2160767911678060"]
[EventDate "2000.07.08"]
[EventType "swiss"]
[EventRounds "10"]
[EventCountry "CAN"]

1. e4 d5 2. exd5 Qxd5 3. Nc3 Qa5 4. d4 Nf6 5. Bd3 g6 6. Nf3 Bg7 7. O-O Bg4 8. h3 Bd7 9. Re1 Nc6 10. Ne5 e6 11. Nxd7 Kxd7 12. Bb5 Qb6 13. Be3 Nd5 14. Bxc6+ Qxc6 15. Nxd5 Qxd5 16. c4 Qc6 17. d5 exd5 18. cxd5 Qd6 19. Qa4+ Kc8 20. Bf4 Qd7 21. Qc2 Bd4 22. d6 Bb6 23. Re7 c6 24. Rxd7 Kxd7 25. Re1 Rhe8 26. Rxe8 Rxe8 27. Be3 Bxe3 28. fxe3 Kxd6 29. Qf2 Re7 30. Qf6+ Kd7 31. Qd4+ Kc7 32. Qxa7 f5 33. Qd4 Kc8 34. Kf2 Rd7 35. Qh8+ Kc7 36. Ke2 Kb6 37. Qc3 Kc7 38. b4 b6 39. b5 c5 40. a4 h6 41. a5 1-0

[Event "CAN-op"]
[Site "Edmonton CAN"]
[Date "2000.07.09"]
[Round "3"]
[White "Campbell, John"]
[Black "Smith, Maurice"]
[Result "1-0"]
[WhiteElo "1455"]
[BlackElo "1836"]
[PlyCount "91"]
[GameId "2160767911678061"]
[EventDate "2000.07.08"]
[EventType "swiss"]
[EventRounds "10"]
[EventCountry "CAN"]

1. e4 d6 2. d4 Nf6 3. Nf3 Nxe4 4. Bc4 Nf6 5. O-O Bg4 6. c3 g6 7. Bg5 Bg7 8. Nbd2 O-O 9. Re1 Re8 10. Qb3 e6 11. Qxb7 Nbd7 12. Qb3 Rb8 13. Qc2 Bf5 14. Qc1 h6 15. Be3 Ng4 16. Nf1 g5 17. Bb3 Nxe3 18. Nxe3 Bg6 19. Bc2 Bxc2 20. Qxc2 Nf6 21. Rab1 Qd7 22. a4 Qc6 23. b4 a6 24. Rec1 Qd7 25. c4 c6 26. Qb3 Ne4 27. Rd1 Qe7 28. Qd3 d5 29. b5 axb5 30. axb5 cxb5 31. cxb5 Nd6 32. b6 Rb7 33. Rb3 Reb8 34. Rdb1 Nc8 35. Ng4 f6 36. h4 Rxb6 37. hxg5 hxg5 38. Qc2 Qe8 39. Nd2 Rxb3 40. Nxb3 Nd6 41. Re1 Nf7 42. Qg6 Qe7 43. Nc5 Nh8 44. Nh6+ Kf8 45. Qh7 Bxh6 46. Nxe6+ 1-0

[Event "CAN-op"]
[Site "Edmonton CAN"]
[Date "2000.07.09"]
[Round "3"]
[White "Carayanniotis, George"]
[Black "Kazakevich, Anastasia"]
[Result "0-1"]
[WhiteElo "998"]
[BlackElo "1608"]
[PlyCount "72"]
[GameId "2160767911678062"]
[EventDate "2000.07.08"]
[EventType "swiss"]
[EventRounds "10"]
[EventCountry "CAN"]

1. d4 Nf6 2. Nc3 g6 3. e4 d6 4. Be3 Bg7 5. h3 O-O 6. Qd2 Nbd7 7. Bh6 c5 8. Bxg7 Kxg7 9. Nf3 b6 10. Bd3 Bb7 11. d5 Qc7 12. g4 a6 13. O-O-O b5 14. a3 Rab8 15. Rdg1 Bc8 16. Na2 a5 17. c3 Qb6 18. h4 b4 19. cxb4 cxb4 20. axb4 axb4 21. b3 Nc5 22. Nd4 Bxg4 23. Qe3 Rbc8 24. Bc4 Nxb3+ 25. Nxb3 Qxe3+ 26. fxe3 Rxc4+ 27. Kb2 Rxe4 28. Re1 Nxd5 29. Nd4 Rxe3 30. Rxe3 Nxe3 31. Nxb4 Nf5 32. Nxf5+ Bxf5 33. h5 e6 34. Nc6 Be4 35. h6+ Kh8 36. Rc1 Rc8 0-1

[Event "CAN-op"]
[Site "Edmonton CAN"]
[Date "2000.07.09"]
[Round "3"]
[White "Clark, Alan"]
[Black "Neumann, Ralph"]
[Result "1-0"]
[WhiteElo "2003"]
[BlackElo "1707"]
[PlyCount "67"]
[GameId "2160767911678063"]
[EventDate "2000.07.08"]
[EventType "swiss"]
[EventRounds "10"]
[EventCountry "CAN"]

1. e4 c5 2. c3 e6 3. d4 Nf6 4. e5 Nd5 5. c4 Nb4 6. d5 exd5 7. cxd5 d6 8. a3 N4a6 9. Nf3 dxe5 10. Nxe5 Bd6 11. Bb5+ Nd7 12. Nc4 Qe7+ 13. Be3 b6 14. O-O O-O 15. Re1 Qf6 16. Nbd2 Ne5 17. Ne4 Qg6 18. Ncxd6 Bh3 19. Ng3 Nc7 20. Be2 Qxd6 21. gxh3 Nxd5 22. Bf3 Nxf3+ 23. Qxf3 Nxe3 24. Rxe3 Rad8 25. Rae1 f5 26. Re6 Qd2 27. Qe2 f4 28. Nf1 Qd4 29. Qe5 Qd3 30. Re7 Qg6+ 31. Kh1 f3 32. Ne3 Rd2 33. Rg1 Rfd8 34. Rxg7+ 1-0

[Event "CAN-op"]
[Site "Edmonton CAN"]
[Date "2000.07.09"]
[Round "3"]
[White "Clemens, John"]
[Black "Strojevs, Alexander"]
[Result "0-1"]
[WhiteElo "1564"]
[BlackElo "1904"]
[PlyCount "112"]
[GameId "2160767911678064"]
[EventDate "2000.07.08"]
[EventType "swiss"]
[EventRounds "10"]
[EventCountry "CAN"]

1. e4 c5 2. Nc3 Nc6 3. Nf3 d6 4. Be2 Nf6 5. O-O e5 6. d3 Be7 7. a4 O-O 8. Nd5 Nxd5 9. exd5 Nb4 10. c4 f5 11. a5 Bd7 12. Bd2 Nxd3 13. Bxd3 e4 14. Be2 exf3 15. Bxf3 b5 16. axb6 axb6 17. Rxa8 Qxa8 18. Re1 Re8 19. Bh5 g6 20. Bf3 Qd8 21. Qc1 Bf6 22. Rxe8+ Qxe8 23. Be3 Qe7 24. g3 Qg7 25. b3 Bd4 26. h4 Bxe3 27. Qxe3 Qe5 28. Kf1 Qxe3 29. fxe3 b5 30. Bd1 Kg7 31. Kf2 Kf6 32. Kf3 Ke5 33. Bc2 bxc4 34. bxc4 h6 35. Ke2 g5 36. Kf3 Be8 37. hxg5 Bh5+ 38. Kf2 hxg5 39. Ke1 Bf3 40. Ba4 Be4 41. Ke2 Bb1 42. Kf3 Ba2 43. Bb5 Bb3 44. Ke2 Ke4 45. Kd2 Kf3 46. Bd7 Bxc4 47. Bxf5 Bxd5 48. g4 Be4 49. Be6 Kg3 50. Kc3 Bf3 51. Kc4 Bxg4 52. Bd5 Be2+ 53. Kc3 Kf2 54. Kd2 g4 55. Be4 g3 56. Bd5 Bf3 0-1

[Event "CAN-op"]
[Site "Edmonton CAN"]
[Date "2000.07.09"]
[Round "3"]
[White "Climenhaga, Harold"]
[Black "Goutor, Valentina"]
[Result "1-0"]
[WhiteElo "1938"]
[BlackElo "1605"]
[PlyCount "37"]
[GameId "2160767911678065"]
[EventDate "2000.07.08"]
[EventType "swiss"]
[EventRounds "10"]
[EventCountry "CAN"]

1. e4 d6 2. d4 Nf6 3. Nc3 g6 4. Nf3 Bg7 5. h3 O-O 6. Be2 c5 7. Be3 Nbd7 8. Qd2 a6 9. a4 cxd4 10. Nxd4 Ne5 11. f4 Nc6 12. g4 Qc7 13. g5 Nd7 14. Nd5 Qd8 15. O-O-O Nxd4 16. Bxd4 Bxd4 17. Qxd4 f6 18. Bc4 fxg5 19. Nxe7# 1-0

[Event "CAN-op"]
[Site "Edmonton CAN"]
[Date "2000.07.09"]
[Round "3"]
[White "Daniluk, Jim"]
[Black "Kazakevich, Alexander"]
[Result "1-0"]
[WhiteElo "2123"]
[BlackElo "1752"]
[PlyCount "101"]
[GameId "2160767911678066"]
[EventDate "2000.07.08"]
[EventType "swiss"]
[EventRounds "10"]
[EventCountry "CAN"]

1. d4 d5 2. c4 e6 3. Nf3 Nf6 4. g3 c5 5. cxd5 exd5 6. Bg2 Nc6 7. Nc3 Be7 8. Bg5 Be6 9. O-O Ne4 10. Bf4 O-O 11. Be3 cxd4 12. Nxd4 Nxc3 13. bxc3 Qa5 14. Nxe6 fxe6 15. c4 dxc4 16. Bxc6 bxc6 17. Qd7 Bf6 18. Qxe6+ Kh8 19. Rac1 Qxa2 20. Qxc4 Qxc4 21. Rxc4 a5 22. Ra4 Rfe8 23. Rc1 Re6 24. Kf1 Kg8 25. Rc2 Be7 26. Bd2 Bd8 27. Rca2 Re5 28. Bc3 Rb5 29. Rg4 g6 30. Rc4 c5 31. e4 Kf7 32. Ke2 Ke6 33. Kd3 Bc7 34. Rca4 Bb6 35. Kc4 Rb1 36. Bxa5 Rxa5 37. Rxa5 Rc1+ 38. Kd3 Bxa5 39. Rxa5 c4+ 40. Kd4 Rc2 41. Ra6+ Kf7 42. Ra7+ Kg8 43. f4 Rf2 44. Ke5 h6 45. Kf6 c3 46. Rc7 c2 47. e5 Rxh2 48. e6 Re2 49. e7 g5 50. Rxc2 Re3 51. Rc8+ 1-0

[Event "CAN-op"]
[Site "Edmonton CAN"]
[Date "2000.07.09"]
[Round "3"]
[White "Day, Jonathan"]
[Black "Watson, Michael"]
[Result "1-0"]
[WhiteElo "1836"]
[BlackElo "1241"]
[PlyCount "103"]
[GameId "2160767911678067"]
[EventDate "2000.07.08"]
[EventType "swiss"]
[EventRounds "10"]
[EventCountry "CAN"]

1. c4 e6 2. g3 Nf6 3. b3 d5 4. Bb2 g6 5. Bg2 Bg7 6. Qc2 O-O 7. Nc3 c6 8. e3 Qc7 9. d4 Nbd7 10. f4 b6 11. Nf3 Ng4 12. Qe2 f5 13. h3 Ngf6 14. Ng5 Re8 15. Rc1 Ba6 16. Kf2 Qb7 17. Ba3 h6 18. Nf3 Ne4+ 19. Nxe4 fxe4 20. Nd2 Bf8 21. Bxf8 Rxf8 22. Qg4 Rf6 23. h4 Kh7 24. h5 g5 25. Bxe4+ Kh8 26. Bd3 gxf4 27. gxf4 Rg8 28. Qe2 c5 29. Rh4 dxc4 30. Be4 Qb8 31. Nxc4 cxd4 32. Rg4 dxe3+ 33. Kxe3 Nc5 34. Rxg8+ Qxg8 35. Bg6 Rxg6 36. hxg6 Qxg6 37. Qb2+ Kh7 38. Qc2 Bb7 39. Qxg6+ Kxg6 40. b4 Ne4 41. Ne5+ Kh5 42. Nc6 Bxc6 43. Rxc6 Ng3 44. Rxe6 Nf5+ 45. Ke4 Ng3+ 46. Kd5 a5 47. Rxb6 axb4 48. Rxb4 Kg4 49. Ke5 h5 50. f5+ Kg5 51. f6 Kg6 52. Ke6 1-0

[Event "CAN-op"]
[Site "Edmonton CAN"]
[Date "2000.07.09"]
[Round "3"]
[White "Deane, Lloyd"]
[Black "Carayanniotis, Jason"]
[Result "1-0"]
[WhiteElo "1582"]
[BlackElo "977"]
[PlyCount "47"]
[GameId "2160767911678068"]
[EventDate "2000.07.08"]
[EventType "swiss"]
[EventRounds "10"]
[EventCountry "CAN"]

1. e4 d5 2. exd5 Nf6 3. d4 Bg4 4. Be2 Bxe2 5. Qxe2 Qxd5 6. Nf3 Nc6 7. c4 Qd7 8. Be3 e6 9. a3 Be7 10. Nc3 O-O 11. O-O Ng4 12. Rad1 Nxe3 13. Qxe3 Bf6 14. Ne5 Qd6 15. Ne4 Qe7 16. Nxf6+ Qxf6 17. Nd7 Qe7 18. Nxf8 Rxf8 19. Rfe1 Na5 20. Qc3 Nc6 21. b4 Rd8 22. d5 Nb8 23. dxe6 Qd6 24. Rxd6 1-0

[Event "CAN-op"]
[Site "Edmonton CAN"]
[Date "2000.07.09"]
[Round "3"]
[White "Dewindt, Cor"]
[Black "Tsui, Alick"]
[Result "1-0"]
[WhiteElo "1573"]
[BlackElo "1106"]
[PlyCount "77"]
[GameId "2160767911678069"]
[EventDate "2000.07.08"]
[EventType "swiss"]
[EventRounds "10"]
[EventCountry "CAN"]

1. e4 c5 2. c3 d6 3. d4 cxd4 4. cxd4 Nf6 5. Nc3 a6 6. Bg5 Nbd7 7. Bxf6 Nxf6 8. Be2 Qa5 9. f3 e5 10. d5 Be7 11. Qa4+ Qxa4 12. Nxa4 Nd7 13. Bd3 b5 14. Nc3 Nc5 15. Bc2 O-O 16. Nge2 b4 17. Na4 Nxa4 18. Bxa4 Bh4+ 19. g3 Bd8 20. O-O Bh3 21. Rfc1 Bb6+ 22. Kh1 Bc5 23. Ng1 Bc8 24. Ne2 Ra7 25. Kg2 a5 26. Rc2 Ba6 27. Nc1 f5 28. Nb3 Bd3 29. Rxc5 dxc5 30. Nxc5 Bc2 31. Bc6 Raf7 32. d6 fxe4 33. fxe4 Rf2+ 34. Kg1 Rd2 35. d7 Rd6 36. Bd5+ Kh8 37. Rc1 Rxd5 38. exd5 Bf5 39. Ne6 1-0

[Event "CAN-op"]
[Site "Edmonton CAN"]
[Date "2000.07.09"]
[Round "3"]
[White "Dougherty, Michael"]
[Black "Niksic, John"]
[Result "0-1"]
[WhiteElo "2226"]
[BlackElo "2125"]
[PlyCount "92"]
[GameId "2160767911678070"]
[EventDate "2000.07.08"]
[EventType "swiss"]
[EventRounds "10"]
[EventCountry "CAN"]
[SourceTitle "EXT 2002"]
[Source "ChessBase"]
[SourceDate "2001.11.25"]
[SourceVersion "1"]
[SourceVersionDate "2001.11.25"]
[SourceQuality "1"]

1. d4 Nf6 2. Nf3 e6 3. Bg5 Be7 4. c4 b6 5. Nc3 Bb7 6. Qc2 d6 7. e4 Nbd7 8. Be2 e5 9. dxe5 dxe5 10. Rd1 Qc8 11. O-O O-O 12. Nh4 Re8 13. Nf5 Bf8 14. g3 h6 15. Be3 Kh7 16. Nd5 g6 17. Nh4 c6 18. Nxf6+ Nxf6 19. f3 Qc7 20. c5 Rad8 21. b4 Rxd1 22. Rxd1 b5 23. a4 a6 24. axb5 axb5 25. f4 exf4 26. Bxf4 Qe7 27. e5 Nd5 28. Rxd5 cxd5 29. Bxb5 Rc8 30. Nf3 d4 31. Nxd4 Qd8 32. Qc4 Bd5 33. Qd3 Bxc5 34. bxc5 Rxc5 35. Nb3 Rc8 36. h4 Qb6+ 37. Be3 Qe6 38. Nc5 Qxe5 39. Kh2 Ba8 40. Nd7 Qb2+ 41. Kh3 Qg2+ 42. Kg4 Qf3+ 43. Kh3 h5 44. Qf1 Qg4+ 45. Kh2 Rc2+ 46. Bf2 Qf3 0-1

[Event "CAN-op"]
[Site "Edmonton CAN"]
[Date "2000.07.09"]
[Round "3"]
[White "Gibson, Vince"]
[Black "Buitendyk, Theo"]
[Result "0-1"]
[WhiteElo "1446"]
[BlackElo "1731"]
[PlyCount "56"]
[GameId "2160767911678072"]
[EventDate "2000.07.08"]
[EventType "swiss"]
[EventRounds "10"]
[EventCountry "CAN"]

1. e4 c5 2. Nf3 d6 3. d4 cxd4 4. Nxd4 Nf6 5. Nc3 a6 6. Be3 e6 7. Bd3 Be7 8. O-O O-O 9. f4 b5 10. e5 dxe5 11. fxe5 Nd5 12. Qf3 Nxe3 13. Qxe3 Bc5 14. Nce2 Bb7 15. c3 Qc7 16. Rf4 g6 17. Raf1 Nd7 18. Rh4 Qxe5 19. Qxe5 Nxe5 20. Be4 Bxe4 21. Rxe4 Nc4 22. b4 Bb6 23. Rd1 e5 24. Kf1 exd4 25. cxd4 Rfe8 26. Nc3 Rxe4 27. Nxe4 Ne3+ 28. Ke2 Nxd1 0-1

[Event "CAN-op"]
[Site "Edmonton CAN"]
[Date "2000.07.09"]
[Round "3"]
[White "Gomboc, Dave"]
[Black "MacNab, John"]
[Result "1-0"]
[WhiteElo "1991"]
[BlackElo "1674"]
[PlyCount "51"]
[GameId "2160767911678073"]
[EventDate "2000.07.08"]
[EventType "swiss"]
[EventRounds "10"]
[EventCountry "CAN"]

1. e4 c5 2. Nf3 e6 3. c3 d5 4. e5 Nc6 5. d4 cxd4 6. cxd4 Nge7 7. Na3 Nf5 8. Nc2 Be7 9. Bd3 O-O 10. h4 f6 11. g4 Nfxd4 12. Ncxd4 fxe5 13. Nxc6 bxc6 14. Nxe5 Bxh4 15. Be3 Qf6 16. Qe2 g6 17. Bc5 Re8 18. Rh3 Bg5 19. Kf1 Qg7 20. Kg2 Bf6 21. f4 Rb8 22. b4 Bxe5 23. Qxe5 Qxe5 24. fxe5 Rb7 25. Rf1 Rd7 26. Rhf3 1-0

[Event "CAN-op"]
[Site "Edmonton CAN"]
[Date "2000.07.09"]
[Round "3"]
[White "Gomes, Alan"]
[Black "Kleist, Frederick"]
[Result "0-1"]
[WhiteElo "1946"]
[BlackElo "2139"]
[PlyCount "78"]
[GameId "2160767911678074"]
[EventDate "2000.07.08"]
[EventType "swiss"]
[EventRounds "10"]
[EventCountry "CAN"]

1. e4 c5 2. c4 Nc6 3. Nc3 g6 4. b3 Bg7 5. Bb2 d6 6. Nf3 Nf6 7. Bd3 Bg4 8. h3 Ne5 9. Bc2 Bxf3 10. gxf3 Nh5 11. Nd5 e6 12. d4 cxd4 13. Nb4 d3 14. Bxd3 Nxf3+ 15. Ke2 Bxb2 16. Kxf3 Qf6+ 17. Kg2 Bxa1 18. Qxa1 Qxa1 19. Rxa1 a5 20. Nc2 Nf4+ 21. Kg3 Nxd3 22. Rd1 Nc5 23. f3 Ke7 24. Nd4 f5 25. exf5 gxf5 26. Nb5 Rhg8+ 27. Kf2 f4 28. Rxd6 Rad8 29. Rd4 Rxd4 30. Nxd4 Rd8 31. Ne2 Rd2 32. Ke1 Rxa2 33. Nxf4 Nxb3 34. h4 Nd4 35. c5 Rh2 36. h5 a4 37. Nd3 a3 38. Nc1 Nxf3+ 39. Kd1 Rd2# 0-1

[Event "CAN-op"]
[Site "Edmonton CAN"]
[Date "2000.07.09"]
[Round "3"]
[White "Goutor, Evgeni"]
[Black "McIntyre, John"]
[Result "0-1"]
[WhiteElo "1702"]
[BlackElo "1992"]
[PlyCount "48"]
[GameId "2160767911678075"]
[EventDate "2000.07.08"]
[EventType "swiss"]
[EventRounds "10"]
[EventCountry "CAN"]

1. e4 Nf6 2. e5 Nd5 3. c4 Nb6 4. d4 d6 5. exd6 Qxd6 6. h3 Bf5 7. Nc3 Nc6 8. Be3 Qb4 9. Qb3 e6 10. Nf3 Qxb3 11. axb3 Nb4 12. Kd2 a6 13. Rc1 Rd8 14. g4 Bg6 15. Ne5 c5 16. Nxg6 fxg6 17. Na4 cxd4 18. Bf4 Nxa4 19. bxa4 Bc5 20. Be5 O-O 21. f4 g5 22. fxg5 Rf2+ 23. Ke1 d3 24. Kd1 Be3 0-1

[Event "CAN-op"]
[Site "Edmonton CAN"]
[Date "2000.07.09"]
[Round "3"]
[White "Goutor, Yaroslav"]
[Black "Hangartner, August"]
[Result "0-1"]
[WhiteElo "1493"]
[BlackElo "1896"]
[PlyCount "84"]
[GameId "2160767911678076"]
[EventDate "2000.07.08"]
[EventType "swiss"]
[EventRounds "10"]
[EventCountry "CAN"]

1. e4 e6 2. d4 d5 3. exd5 exd5 4. Nc3 Bf5 5. a3 c6 6. Bf4 Bd6 7. Bxd6 Qxd6 8. Nf3 Nd7 9. h3 h6 10. Bd3 Ne7 11. Qd2 O-O 12. O-O-O Bxd3 13. Qxd3 b5 14. Rhe1 b4 15. axb4 Qxb4 16. Ne5 Nxe5 17. Rxe5 Ng6 18. Ree1 Rab8 19. b3 Nf4 20. Qg3 Ne6 21. Qe3 Rfe8 22. Kb2 Nc7 23. Qf4 Rxe1 24. Rxe1 Ne6 25. Qe3 Re8 26. f4 Nc7 27. Qf2 Rxe1 28. Qxe1 Qxd4 29. g3 Kf8 30. Ka2 Qb4 31. Qe5 Qe7 32. Qe2 Nb5 33. Qxe7+ Kxe7 34. Kb2 Kd6 35. Nxb5+ cxb5 36. Kc3 a5 37. h4 f5 38. h5 Kc5 39. Kd3 a4 40. Kc3 b4+ 41. Kd2 a3 42. c3 a2 0-1

[Event "CAN-op"]
[Site "Edmonton CAN"]
[Date "2000.07.09"]
[Round "3"]
[White "Grumic, Sasha"]
[Black "Harris, Greg"]
[Result "1-0"]
[WhiteElo "2233"]
[BlackElo "1787"]
[PlyCount "77"]
[GameId "2160767911678077"]
[EventDate "2000.07.08"]
[EventType "swiss"]
[EventRounds "10"]
[EventCountry "CAN"]

1. e4 e5 2. Nf3 Nc6 3. Bc4 Nf6 4. d3 Be7 5. c3 d6 6. b4 O-O 7. O-O Bg4 8. h3 Bh5 9. Nbd2 Qd7 10. Qb3 Nd8 11. a4 c6 12. Qc2 Ne6 13. g3 h6 14. Kg2 g6 15. Bb2 Bxf3+ 16. Nxf3 Ng5 17. Nxg5 hxg5 18. Rad1 d5 19. Bb3 Kg7 20. Qe2 Rh8 21. Rh1 Bd6 22. Bc1 g4 23. hxg4 Qxg4 24. Qxg4 Nxg4 25. exd5 cxd5 26. Bxd5 Rab8 27. f3 Nf6 28. Rxh8 Kxh8 29. Bc4 Kg7 30. Bb2 Re8 31. b5 b6 32. Re1 Nd7 33. Bb3 f6 34. d4 Re7 35. Kf2 exd4 36. Rxe7+ Bxe7 37. cxd4 Bd6 38. g4 g5 39. Ke3 1-0

[Event "CAN-op"]
[Site "Edmonton CAN"]
[Date "2000.07.09"]
[Round "3"]
[White "Gushuliak, Justin"]
[Black "Spraggett, Kevin"]
[Result "1/2-1/2"]
[WhiteElo "2119"]
[BlackElo "2653"]
[PlyCount "48"]
[GameId "2160767911678078"]
[EventDate "2000.07.08"]
[EventType "swiss"]
[EventRounds "10"]
[EventCountry "CAN"]

1. e4 c5 2. c3 b6 3. d4 Bb7 4. Bd3 Nf6 5. Qe2 cxd4 6. cxd4 Nc6 7. Nf3 Nb4 8. Nc3 Nxd3+ 9. Qxd3 Qc8 10. Bf4 Ba6 11. Qd2 Qb7 12. d5 e6 13. Be5 Be7 14. O-O-O O-O 15. Kb1 Rac8 16. Rhe1 Ne8 17. dxe6 dxe6 18. Qd7 Rd8 19. Qxb7 Bxb7 20. Rxd8 Bxd8 21. Rd1 Nf6 22. Nd2 Be7 23. f3 Rc8 24. Nb3 Ba6 1/2-1/2

[Event "CAN-op"]
[Site "Edmonton CAN"]
[Date "2000.07.09"]
[Round "3"]
[White "Hansen, Steve"]
[Black "Birgani, Farokh"]
[Result "1-0"]
[WhiteElo "1781"]
[BlackElo "1685"]
[PlyCount "83"]
[GameId "2160767911678080"]
[EventDate "2000.07.08"]
[EventType "swiss"]
[EventRounds "10"]
[EventCountry "CAN"]

1. Nf3 Nc6 2. g3 e5 3. d3 d5 4. Bg2 Bc5 5. O-O f5 6. Kh1 Nf6 7. Nxe5 Nxe5 8. d4 Bxd4 9. Qxd4 Nc6 10. Qc3 h5 11. Bg5 O-O 12. Rd1 Be6 13. Qf3 Qe8 14. Nc3 d4 15. Bxf6 Rxf6 16. Nb5 Qf7 17. Nxd4 f4 18. Nxc6 Bg4 19. Qd5 bxc6 20. Qxf7+ Kxf7 21. Rd2 Rb8 22. c3 c5 23. h3 Be6 24. Rad1 c6 25. h4 Bd5 26. b3 Bxg2+ 27. Kxg2 fxg3 28. fxg3 Kg6 29. Rd6 Rbf8 30. Rxf6+ Rxf6 31. Rd7 c4 32. Rxa7 cxb3 33. axb3 c5 34. Ra5 Rc6 35. Kf3 c4 36. b4 Rf6+ 37. Ke4 Rf2 38. Kd4 Rxe2 39. Kxc4 Re4+ 40. Kd3 Rg4 41. Rg5+ Rxg5 42. hxg5 1-0

[Event "CAN-op"]
[Site "Edmonton CAN"]
[Date "2000.07.09"]
[Round "3"]
[White "Haynes, Nicolas"]
[Black "McKim, Fred"]
[Result "1/2-1/2"]
[WhiteElo "1795"]
[BlackElo "2062"]
[PlyCount "59"]
[GameId "2160767911678081"]
[EventDate "2000.07.08"]
[EventType "swiss"]
[EventRounds "10"]
[EventCountry "CAN"]

1. d4 Nf6 2. c4 c5 3. d5 b5 4. Nf3 g6 5. cxb5 a6 6. Qc2 d6 7. e4 Bg7 8. Nc3 O-O 9. a4 axb5 10. Bxb5 Na6 11. h3 Nb4 12. Qd1 Nd7 13. Bf4 Qc7 14. O-O Ba6 15. Rc1 Bxb5 16. Nxb5 Qa5 17. b3 Na6 18. Re1 Nc7 19. Nxc7 Qxc7 20. b4 Qa7 21. bxc5 Nxc5 22. e5 Rfd8 23. Nd4 Qa6 24. exd6 exd6 25. Nc6 Rd7 26. Bxd6 Nd3 27. Nb4 Qxd6 28. Nxd3 Qxd5 29. Nc5 Qxd1 30. Rexd1 1/2-1/2

[Event "CAN-op"]
[Site "Edmonton CAN"]
[Date "2000.07.09"]
[Round "3"]
[White "Hinds, Ronald"]
[Black "Zubac, Marius"]
[Result "0-1"]
[WhiteElo "2049"]
[BlackElo "2308"]
[PlyCount "77"]
[GameId "2160767911678083"]
[EventDate "2000.07.08"]
[EventType "swiss"]
[EventRounds "10"]
[EventCountry "CAN"]

1. e4 c5 2. Nc3 Nc6 3. g3 Nf6 4. Bg2 d6 5. d3 Rb8 6. h3 b5 7. Be3 Qa5 8. Qd2 b4 9. Nce2 e5 10. f4 Be6 11. Nf3 Be7 12. O-O Nd4 13. Bxd4 cxd4 14. a3 Qc5 15. axb4 Rxb4 16. Rxa7 Rxb2 17. Ra8+ Bd8 18. Rc1 O-O 19. Kh2 Bc7 20. Rxf8+ Kxf8 21. Qd1 Ba5 22. fxe5 dxe5 23. Qf1 h6 24. Qf2 Nd7 25. Nexd4 exd4 26. Qxd4 Qxd4 27. Nxd4 Bc3 28. Nf3 g5 29. d4 g4 30. hxg4 Bxg4 31. d5 Bxf3 32. Bxf3 Bd2 33. Ra1 Rxc2 34. Ra8+ Ke7 35. Kh3 Be3 36. Ra6 Bg1 37. d6+ Kf6 38. Bg2 h5 39. Ra5 0-1

[Event "CAN-op"]
[Site "Edmonton CAN"]
[Date "2000.07.09"]
[Round "3"]
[White "Hughey, Micah"]
[Black "Lipnowski, Irwin"]
[Result "1/2-1/2"]
[WhiteElo "2082"]
[BlackElo "2349"]
[PlyCount "49"]
[GameId "2160767911678085"]
[EventDate "2000.07.08"]
[EventType "swiss"]
[EventRounds "10"]
[EventCountry "CAN"]

1. e4 c5 2. Nf3 e6 3. d3 Nc6 4. g3 g6 5. Bg2 Bg7 6. O-O Nge7 7. Re1 O-O 8. c3 d6 9. d4 cxd4 10. cxd4 Qb6 11. Nc3 Nxd4 12. Nxd4 Qxd4 13. Qb3 Nc6 14. Rd1 Qc5 15. Be3 Bd4 16. Na4 Qe5 17. Bxd4 Nxd4 18. Qd3 Nc6 19. Qxd6 Qa5 20. Nc3 Rd8 21. Qf4 Rd4 22. Qf6 e5 23. Rxd4 exd4 24. Nd5 Be6 25. Qg5 1/2-1/2

[Event "CAN-op"]
[Site "Edmonton CAN"]
[Date "2000.07.09"]
[Round "3"]
[White "Jewlal, Derrick"]
[Black "Alderton, Peter"]
[Result "1-0"]
[WhiteElo "1908"]
[BlackElo "1585"]
[PlyCount "68"]
[GameId "2160767911678086"]
[EventDate "2000.07.08"]
[EventType "swiss"]
[EventRounds "10"]
[EventCountry "CAN"]

1. e4 c5 2. f4 Nc6 3. Nf3 d6 4. g3 Nf6 5. Nc3 g6 6. Bg2 Bg7 7. O-O O-O 8. d3 Rb8 9. Qd2 b6 10. Nd1 Bb7 11. Ne3 e6 12. c3 b5 13. Qc2 a5 14. a4 b4 15. c4 Nd7 16. Bd2 Nd4 17. Nxd4 Bxd4 18. Kh1 Bc6 19. Bc1 b3 20. Qd1 Rb7 21. f5 Ne5 22. Ng4 Nxg4 23. Qxg4 exf5 24. exf5 Bxg2+ 25. Kxg2 Bg7 26. h4 h5 27. Qf3 Rb8 28. f6 Bh8 29. Bd2 Re8 30. Bc3 Re6 31. Rae1 Rxe1 32. Rxe1 Qd7 33. Re7 Qxa4 34. Qd5 Rf8 1-0

[Event "CAN-op"]
[Site "Edmonton CAN"]
[Date "2000.07.09"]
[Round "3"]
[White "Kaptsan, Aron"]
[Black "Odachowski, Arthur"]
[Result "1/2-1/2"]
[WhiteElo "2170"]
[BlackElo "2214"]
[PlyCount "56"]
[GameId "2160767911678087"]
[EventDate "2000.07.08"]
[EventType "swiss"]
[EventRounds "10"]
[EventCountry "CAN"]
[SourceTitle "EXT 2001"]
[Source "ChessBase"]
[SourceDate "2000.11.22"]
[SourceVersion "1"]
[SourceVersionDate "2000.11.22"]
[SourceQuality "1"]

1. d4 Nf6 2. c4 g6 3. Nc3 Bg7 4. g3 d6 5. Bg2 O-O 6. Nf3 Nbd7 7. O-O e5 8. e4 c6 9. h3 exd4 10. Nxd4 Qb6 11. Nde2 Ne8 12. Qc2 Nc5 13. Be3 Qb4 14. b3 a5 15. Nd4 Qb6 16. Rab1 Qc7 17. Rbd1 Qe7 18. Rfe1 Nc7 19. Bf4 Bxd4 20. Rxd4 N5e6 21. Rdd1 Nxf4 22. gxf4 Ne8 23. e5 Bf5 24. Qd2 dxe5 25. fxe5 Ng7 26. Qd6 Qg5 27. Qd2 Qe7 28. Qd6 Qg5 1/2-1/2